| 000 | 00761nam a22002057a 4500 | ||
|---|---|---|---|
| 999 |
_c7719 _d7719 |
||
| 003 | AR-CdUCM | ||
| 008 | 190321b ||||| |||| 00| 0 spa d | ||
| 040 |
_aMUNICIPALIDAD PROVINCIAL DEL CUSCO _cBIBLIOTECA MUNICIPAL DEL CUSCO |
||
| 082 |
_a415 / _bC14 |
||
| 100 |
_aChahuayo Sucñer, victor Manuel _912634 |
||
| 245 |
_aOrtografía : _bNormas, reglas y practicas guiadas / |
||
| 260 |
_aCusco : _bAguilar, _c2007. |
||
| 300 |
_a89 páginas ; _c21 cm. |
||
| 505 | _aContenido : Signos de puntuación y signos auxiliares -- La ortografía de la acentuacion y tildacion -- Palabras expresiones dudosas de carácter gramatical ... | ||
| 650 |
_aLengua _92065 |
||
| 650 |
_aGramática _99175 |
||
| 650 |
_aCastellana _921807 |
||
| 942 |
_2ddc _cLIBROS |
||
| 945 | _arah | ||